CASAS 2 /

Detalles Bibliográficos
Otros Autores: Kliczkowski, Guillermo Raúl (Director), Kracoff, Mirta Adriana (Compilador)
Formato: Libro
Lenguaje:Espa�ol
Publicado: Buenos Aires : Espacio Editora, mar-1983
Materias:
Etiquetas: Agregar Etiqueta
Sin Etiquetas, Sea el primero en etiquetar este registro!

MARC

LEADER 00000Cam#a22000005a#4500
003 AR-RoUNA
008 140529||||||||||||||||| |||| 0|||| d
020 |a 950-0116-23-5 
040 |a AR-RoUNA  |b spa  |d AR-RoUNA 
041 |a spa 
044 |a ag 
245 |a CASAS 2 /  |c compilado por Guillermo Raúl Kliczkowski y Mirta Adriana Kracoff 
260 |a Buenos Aires :  |b Espacio Editora,  |c mar-1983 
300 |a 71 p. :  |b planos  |b plantas  |c 24x26 cm 
505 |a Jorge Samandjian - Bimba Bonardo - Pancho Liernur, arquitectos / Casa GI 
505 |a Claudio Mónaco - Jorge Samandjian - Bimba Bonardo - Pancho Liernur, arquitectos / Casa G2 
505 |a Estela Acuña - Jorge Samandjian - Bimba Bonardo - Pancho Liernur, arquitectos / Casa VI 
505 |a Arquitectos Antonini - Schon - Zemborain y asociados / Casa Hall 
505 |a Bekenstein ingeniero - Weinstein - Karp, arquitectos / Casa Village 
505 |a Weinstein - Karp, arquitectos / Casa Mundo 
505 |a Weinstein - Karp, arquitectos / Casa Carree 
505 |a Carlos M.E. Casano - Alfredo F. Zubillaga - Juan Carlos Poli, arquitectos / Casa Casano 
505 |a Carlos M.E. Casano - Alfredo F. Zubillaga - Juan Carlos Poli, arquitectos / Casa Zubillaga 
505 |a Elsken Daels - Julio Hernández - Luis Ibarlucía, arquitectos / Casa en Pinamar 
505 |a Alejandro Delucchi - Jorge Sarquis, arquitectos / Casa Country Club Golfer´s 
505 |a Alejandro Delucchi - Jorge Sarquis, arquitectos / Casa en Río Cuarto 
505 |a Pasinato - Soler -. Viarenghi arquitectos / Casa Giusti 
505 |a Pasinato - Soler -. Viarenghi arquitectos / Casa Moronese - Bages 
505 |a Jorge Darío Peralta Urquiza, arquitectos / Casa de Wek end en el Tigre 
505 |a Daniel H. Silberfaden - Ricardo Sanz, arquitectos / Casa Giarruso 
651 0 |a Buenos Aires (Argentina)  |9 193 
651 |a Pinamar (Buenos Aires, Argentina)  |9 12466 
653 |a Viviendas Unifamiliares 
700 |a Kliczkowski, Guillermo Raúl  |e drt  |9 11392 
700 |a Kracoff, Mirta Adriana  |9 24254  |e com 
908 |a Imp 
930 |c 2  |e 4383 
942 |2 udc  |c LIB 
980 |g CRON CRON 
999 |c 2289  |d 2289